Relaciones de las cosas sucedidas en la Corte de España desde 1599 hasta 1614 / (Record no. 15957)

MARC details
000 -LEADER
campo de control de longitud fija 00998nam a2200253 i 4500
001 - NÚMERO DE CONTROL
campo de control 15957
003 - IDENTIFICADOR DE NÚMERO DE CONTROL
campo de control ES-MaACL
005 - FECHA Y HORA DE LA ÚLTIMA TRANSACCIÓN
campo de control 20250820063021.0
007 - CAMPO FIJO DE DESCRIPCIÓN FÍSICA--INFORMACIÓN GENERAL
campo de control de longitud fija t|
008 - DATOS DE LONGITUD FIJA--INFORMACIÓN GENERAL
campo de control de longitud fija 000529s1997 sp ||||0| spa j
020 ## - NÚMERO INTERNACIONAL ESTÁNDAR DEL LIBRO
Número Internacional Estándar del Libro 84-7846-710-6
040 ## - FUENTE DE CATALOGACIÓN
Centro catalogador/agencia de origen M-BN
Lengua de catalogación spa
Centro/agencia transcriptor M-BN
080 ## - NÚMERO DE LA CLASIFICACIÓN DECIMAL UNIVERSAL
Número de la Clasificación Decimal Universal 946.0"1598/1621"
100 1# - ENTRADA PRINCIPAL--NOMBRE DE PERSONA
Nombre de persona Cabrera de Córdoba, Luis,
Fechas asociadas al nombre 1559-1623
9 (RLIN) 33308
245 10 - MENCIÓN DEL TÍTULO
Título Relaciones de las cosas sucedidas en la Corte de España desde 1599 hasta 1614 /
Mención de responsabilidad, etc. Luis Cabrera de Córdoba ; prefacio, Ricardo García Cárcel.
260 ## - PUBLICACIÓN, DISTRIBUCIÓN, ETC.
Lugar de publicación, distribución, etc. [Valladolid] :
Nombre del editor, distribuidor, etc. Consejería de Educación y Cultura,
Fecha de publicación, distribución, etc. 1997.
300 ## - DESCRIPCIÓN FÍSICA
Extensión 42, 655 p. ;
Dimensiones 29 cm.
534 ## - NOTA SOBRE LA VERSIÓN ORIGINAL
Frase introductoria Reprod. de la ed. de:
Publicación, distribución, etc. del original -- Madrid: Imp. de J. Martín Alegría, 1857.
651 #4 - PUNTO DE ACCESO ADICIONAL DE MATERIA--NOMBRE GEOGRÁFICO
Nombre geográfico España-
Subdivisión general Historia-
Subdivisión cronológica 1598-1621, Felipe III.
9 (RLIN) 8234
700 0# - ENTRADA AGREGADA--NOMBRE PERSONAL
Nombre de persona García Cárcel, Ricardo,
Fechas asociadas al nombre 1948-
9 (RLIN) 54339
710 1# - ENTRADA AGREGADA--NOMBRE DE ENTIDAD CORPORATIVA
Nombre de entidad corporativa o nombre de jurisdicción como elemento de entrada Castilla y León.
Unidad subordinada Consejería de Educación y Cultura.
9 (RLIN) 2500
852 ## - LOCALIZACIÓN
Ubicación ES-MaACL
Número de control de estantería L-23185
Sublocalización o colección R.128300
Holdings
Estatus retirado Estado de pérdida Estado de daño No para préstamo Biblioteca de origen Biblioteca actual Ubicación en estantería Fecha de adquisición Fuente de adquisición Total de préstamos Signatura topográfica completa Código de barras Visto por última vez Precio de reemplazo Tipo de ítem Koha
        Biblioteca del Ateneo de Madrid Biblioteca del Ateneo de Madrid Depósito 2 17/01/2008     L-23185 1016218 23/02/2023 23/02/2023 Libro impreso